[Event "BUL-chT2 64th"]
[Site "Sunny Beach"]
[Date "2015.06.03"]
[Round "4.2"]
[White "Gigov, Mihail"]
[Black "Chuklev, Mihail"]
[Result "0-1"]
[WhiteElo "2035"]
[BlackElo "2030"]
[PlyCount "56"]
[EventDate "2015.05.31"]
[EventType "team-swiss"]
[EventRounds "7"]
[EventCountry "BUL"]
[SourceTitle "CBM 166 Extra"]
[Source "ChessBase"]
[SourceDate "2015.06.18"]
[SourceVersion "1"]
[SourceVersionDate "2015.06.18"]
[SourceQuality "1"]
[WhiteTeam "Pleven Spartak XXI"]
[BlackTeam "Kozloduy Radetski"]
[WhiteTeamCountry "BUL"]
[BlackTeamCountry "BUL"]

1. e4 e5 2. d4 Nc6 3. Nf3 exd4 4. Bc4 d6 5. c3 Ne5 6. Nxe5 dxe5 7. f4 Qh4+ 8. g3 Qh3 9. Qf3 Bg4 10. Qf2 Be6 11. Bf1 Qh6 12. cxd4 exd4 13. Bd2 Qf6 14. e5 Qd8 15. Bd3 g6 16. 0-0 Qd7 17. b4 Ne7 18. Na3 h5 19. Nb5 Nc6 20. Be4 a6 21. Bxc6 bxc6 22. Nxd4 Bd5 23. f5 gxf5 24. Nxf5 Be6 25. Nd4 Bd5 26. Qf6 Qh3 27. Rf2 Rg8 28. e6 Rxg3+ 0-1

[Event "Varna op-B 8th"]
[Site "Varna"]
[Date "2014.06.21"]
[Round "3"]
[White "Vakhitov, Dmitry"]
[Black "Chuklev, Mihail"]
[Result "0-1"]
[WhiteElo "1691"]
[BlackElo "2043"]
[PlyCount "46"]
[EventDate "2014.06.19"]
[EventType "swiss"]
[EventRounds "9"]
[EventCountry "BUL"]
[SourceTitle "CBM 161 Extra"]
[Source "ChessBase"]
[SourceDate "2014.08.29"]
[SourceVersion "1"]
[SourceVersionDate "2014.08.29"]
[SourceQuality "1"]

1. d4 d5 2. c4 c6 3. cxd5 cxd5 4. Nc3 Nf6 5. Bf4 a6 6. e3 Nc6 7. Nf3 e6 8. a3 Bd6 9. Bg3 0-0 10. Bd3 Re8 11. Ne5 Ne7 12. Qf3 Ng6 13. h4 Bxe5 14. dxe5 Nd7 15. Bxg6 fxg6 16. h5 Qg5 17. e4 Nxe5 18. Qe2 d4 19. Nb1 Bd7 20. Nd2 Bb5 21. Qd1 Nd3+ 22. Kf1 Nxb2+ 23. Kg1 Nxd1 0-1